عرض عادي
عرض مارك
- أكاديمية العلوم في الاتحاد السوفياتي.معهد الاستشراق
دخول Corporate Name
001 - CONTROL NUMBER
- control field: 28828
003 - CONTROL NUMBER IDENTIFIER
- control field: AE-AdECS
005 - DATE AND TIME OF LATEST TRANSACTION
- control field: 20260420090130.0
008 - FIXED-LENGTH DATA ELEMENTS
- fixed length control field: 260420|| aca||aabn | a|a d
040 ## - CATALOGING SOURCE
- Original cataloging agency: AE-AdECS
- Transcribing agency: AE-AdECS
110 ## - HEADING--CORPORATE NAME
- Corporate name or jurisdiction name as entry element: أكاديمية العلوم في الاتحاد السوفياتي.معهد الاستشراق
670 ## - SOURCE DATA FOUND
- Source citation: Work cat.: (AE-AdECS)294804: أكاديمية العلوم في الاتحاد السوفياتي.معهد الاستشراق مؤلف., الإسلام في تاريخ شعوب الشرق /
